|
|
|
|
| LEADER |
00000nab a2200000 a 4500 |
| 001 |
vtls000412687 |
| 003 |
SK-MaSNL |
| 005 |
20260303234252.0 |
| 008 |
120925c1988 xo 0 slo |
| 015 |
|
|
|a SNBRA19rr/mm-uuuuu
|
| 035 |
|
|
|a CL0412812
|
| 040 |
|
|
|a SNKBUCL
|b slo
|c SNKBUCL
|e AACR2
|
| 041 |
0 |
|
|a slo
|
| 044 |
|
|
|a xo
|c SK
|
| 080 |
|
|
|a 631.22:628.88
|2 1981
|
| 080 |
|
|
|a 628.88
|2 1981
|
| 080 |
|
|
|a 636.22/.28.083.1
|2 1981
|
| 100 |
1 |
|
|a Beňo, Vladimír,
|d 1930-2013
|4 aut
|9 60552
|
| 245 |
1 |
0 |
|a Bioklíma v drevostavbách pre jalovice
|c V. Beňo, Ľ. Para
|
| 300 |
|
|
|b Obr. 2. Tb. 2., lit. 3 zázn. v slov., češ.
|
| 650 |
0 |
7 |
|a maštale
|2 SNKPH
|9 18699
|
| 650 |
0 |
7 |
|a kryptoklíma
|2 SNK
|9 16940
|
| 655 |
|
7 |
|a články zo zborníkov
|2 SNKPH
|9 166140
|
| 700 |
1 |
|
|a Para, Ľudovít,
|d 1940-
|4 aut
|9 27264
|
| 773 |
0 |
|
|t Bioklimatické aspekty optimalizácie prostredia
|d Bratislava : Slov. bioklimatologická spoločnosť pri SAV, 1988
|g S. 148-154
|
| 850 |
|
|
|a Slovenská národná knižnica v Martine
|a MTA001
|
| 852 |
|
|
|a SNK
|b KIS3GCP
|
| 958 |
|
|
|a RK
|
| 992 |
|
|
|a RZB
|
| 999 |
|
|
|c 2520074
|d 2522004
|